000 02468nam0a2200409 4500
001 RU\NLR\BIBL_A\011543471
005 20260409071923.0
010 _a978-5-94811-266-4
_950
021 _aRU
_b2017-85166
_96079
035 _a(NLR Aleph) 011543471
035 _a(RuMoRGB)009446833
090 _a12207775
_c12207775
100 _a20171130d2017 |||y0rusy50 ca
101 0 _arus
102 _aRU
105 _aa|||zzzz0|1zy
200 1 _aМолодежь и общество: проблемы и перспективы развития
_eматериалы VIII Международной научно-практической конференции студентов и аспирантов (Ярославль, 28 апреля 2017 г.)
_fМосковский финансово-юридический университет МФЮА, Ярославский филиал
_g[ответственный редактор: Н. С. Семенова]
210 _aМосква
_cМФЮА
_d2017
215 _a431 с.
_cил., табл.
_d21
320 _aБиблиогр. в конце ст.
606 _aИнформационные технологии
_jСъезды, совещания и т.п
_91740175
_3RU\NLR\AUTH\66778624
606 1 _aМатематика
_jСъезды, совещания и т.п
_9922118
_3RU\NLR\AUTH\6619329
606 1 _aГуманитарные науки
_jСъезды, совещания и т.п
_92175177
_3RU\NLR\AUTH\661308230
686 _aС.я431(0)
_2rubbk
686 1 _aЗ973.233я431(0)
686 1 _aВ1я431(0)
686 1 _aС.я431
686 1 _aЧ21я431
702 1 _4340
_aСеменова
_bН. С.
_cпедагог, юриспруденция
_f1953-
_gНаталья Сергеевна
_9183282
_3RU\NLR\AUTH\770183333
711 1 2 _a"Молодежь и общество: проблемы и перспективы развития", международная научно-практическая конференция студентов и аспирантов
_d8
_eЯрославль
_f2017
_9580075
_3RU\NLR\AUTH\880458542
712 0 2 _4570
_aМосковский финансово-юридический университет
_bЯрославский филиал
_9579598
_3RU\NLR\AUTH\880458291
942 _cBOOK
980 _aNB
980 _aNBR